LEADER 00971nam a2200253 i 4500 001 000000152536 003 CaOOAMICUS 005 20060816000000.0 008 060816s1949 it u000 u ita u 013 $a129877 040 $aSeMil$bita 100 1 $aLagerlöf, Selma,$d<1858-1940>.$0(OLS)http://semarc/name/92312 240 10$aGösta Berlings Saga.$0(OLS)http://semarc/title/223028 245 13$aLa saga di Gösta Berling /$cSelma Lagerlöf. 260 $aMilano :$bRizzoli,$c1949. 300 $a399 p. ;$c16 cm. 490 0 $aBUR ;$v51.-54 700 1 $aPozzo, Giovanni.$0(OLS)http://semarc/name/59818 830 0$aBUR ;$v51.-54.$0(OLS)http://semarc/title/17764 850 $aSeMil 852 $aSeMil$W1$xVenegono$y1$m1W I 374$j104490$B104490$CSeMilBibl$Z2$F114102 $81 961 $aLascito: Gogna prof.ssa Silvia 996 $6245$aLa saga di Gösta Berling$9(OLS)http://semarc/title/223027 996 $6260$aMilano :$bRizzoli$9(OLS)http://semarc/publisher/29824 LEADER 00812nam a2200229 i 4500 001 000000137026 003 CaOOAMICUS 005 20050406000000.0 008 050406s1979 it u000 u ita u 013 $a110763 040 $aSeMil$bita 100 1 $aLagorio, Gina <1922-2005>.$0(OLS)http://semarc/name/4079 245 10$aFuori scena /$cGina Lagorio. 260 $a[Milano] :$bGarzanti,$c1979. 300 $a243 p. ;$c21 cm. 490 0 $aNarratori moderni 830 0$aNarratori moderni.$0(OLS)http://semarc/title/7202 850 $aSeMil 852 $aSeMil$W1$xVenegono$y1$m1A II 120$j257376$B90594$CSeMilBibl$Z2$F95447 $81 961 $aOmaggio: Poma mons. Gianfranco 996 $6245$aFuori scena$9(OLS)http://semarc/title/200228 996 $6260$a[Milano] :$bGarzanti$9(OLS)http://semarc/publisher/31829